The Witch and other stories / (Record no. 8014)
[ view plain ]
| 000 -LEADER | |
|---|---|
| fixed length control field | 00503cam a22001812 4500 |
| 001 - CONTROL NUMBER | |
| control field | 0000009839 |
| 005 - DATE AND TIME OF LATEST TRANSACTION | |
| control field | 20151217152059.0 |
| 008 - FIXED-LENGTH DATA ELEMENTS--GENERAL INFORMATION | |
| fixed length control field | 081203s xx 000 0 eng d |
| 040 ## - CATALOGING SOURCE | |
| Original cataloging agency | KABU |
| Transcribing agency | KABU |
| 100 1# - MAIN ENTRY--PERSONAL NAME | |
| Personal name | Tchehov, Anton. |
| -- | 0000161608 |
| 245 14 - TITLE STATEMENT | |
| Title | The Witch and other stories / |
| Statement of responsibility, etc. | Anton Tchehov. |
| 250 ## - EDITION STATEMENT | |
| Edition statement | 1st ed. |
| 260 ## - PUBLICATION, DISTRIBUTION, ETC. (IMPRINT) | |
| Place of publication, distribution, etc. | London : |
| Name of publisher, distributor, etc. | Chatto & Windus, |
| Date of publication, distribution, etc. | 1918. |
| 300 ## - PHYSICAL DESCRIPTION | |
| Extent | 328 p. |
| 852 1# - LOCATION | |
| -- | p100 KES |
| 908 ## - PUT COMMAND PARAMETER (RLIN) | |
| Put command parameter | 081203 |
| 950 ## - LOCAL HOLDINGS (RLIN) | |
| -- | 1 |
| Withdrawn status | Lost status | Source of classification or shelving scheme | Not for loan | Home library | Current library | Date acquired | Total Checkouts | Total Renewals | Full call number | Barcode | Date last seen | Date last checked out | Price effective from | Koha item type |
|---|---|---|---|---|---|---|---|---|---|---|---|---|---|---|
| Library of Congress Classification | Kabarak, Main Campus | Kabarak, Main Campus | 17/12/2015 | 9 | 1 | PG3456 .A15G3 v. 6 c. 1 | 15697 | 16/12/2025 | 08/12/2025 | 17/12/2015 | General Collection |